Minecraft 1.7 - Statistics

General Stats
  • This quiz has been taken 29 times
  • The average score is 54 of 73
Answer Stats
Picture Answer % Correct
Acacia Leaves
96%
Acacia Log
91%
Acacia Sapling
91%
Acacia Slab
91%
Acacia Stairs
91%
Acacia Wood
91%
Acacia Planks
87%
Cooked Salmon
87%
Raw Salmon
87%
Black Stained Glass
83%
Black Stained Glass Pane
83%
Blue Stained Glass
83%
Brown Stained Glass
83%
Cyan Stained Glass
83%
Gray Stained Glass
83%
Green Stained Glass
83%
Light Blue Stained Glass
83%
Light Gray Stained Glass
83%
Lime Stained Glass
83%
Magenta Stained Glass
83%
Orange Stained Glass
83%
Pink Stained Glass
83%
Purple Stained Glass
83%
Red Stained Glass
83%
White Stained Glass
83%
Yellow Stained Glass
83%
Blue Stained Glass Pane
78%
Brown Stained Glass Pane
78%
Cyan Stained Glass Pane
78%
Dark Oak Leaves
78%
Dark Oak Log
78%
Dark Oak Planks
78%
Dark Oak Sapling
78%
Dark Oak Slab
78%
Dark Oak Stairs
78%
Dark Oak Wood
78%
Gray Stained Glass Pane
78%
Green Stained Glass Pane
78%
Light Blue Stained Glass Pane
78%
Light Gray Stained Glass Pane
78%
Lime Stained Glass Pane
78%
Magenta Stained Glass Pane
78%
Orange Stained Glass Pane
78%
Pink Stained Glass Pane
78%
Purple Stained Glass Pane
78%
Red Stained Glass Pane
78%
White Stained Glass Pane
78%
Yellow Stained Glass Pane
78%
Pufferfish
74%
Rose Bush
74%
Tall Grass
70%
Tropical Fish
70%
Allium
65%
Orange Tulip
65%
Pink Tulip
65%
Red Sand
65%
Red Tulip
65%
White Tulip
65%
Blue Orchid
61%
Oxeye Daisy
61%
Sunflower
61%
Podzol
57%
Poppy
57%
Packed Ice
52%
Azure Bluet
48%
Large Fern
48%
Lilac
48%
Infested Cracked Stone Bricks
43%
Infested Mossy Stone Bricks
43%
Peony
43%
Infested Chiseled Stone Bricks
39%
Potion of Water Breathing
39%
Splash Potion of Water Breathing
39%
No matching quizzes found
Score Distribution
Percent of People with Each Score
Percentile by Number Answered
Your Score History
You have not taken this quiz